[Event "Titled Tuesday intern op 7th Aug"]
[Site "Chess.com INT"]
[Date "2018.08.07"]
[Round "2"]
[White "Hovmoller, Kristian"]
[Black "Savanovic, Aleksandar"]
[Result "0-1"]
[WhiteElo "2290"]
[BlackElo "2436"]
[PlyCount "56"]
[EventDate "2018.08.07"]
[EventType "swiss (blitz)"]
[EventRounds "10"]
[EventCountry "USA"]
[SourceTitle "EXT 2021"]
[Source "ChessBase"]
[SourceDate "2020.10.23"]
[SourceVersion "1"]
[SourceVersionDate "2020.10.23"]
[SourceQuality "1"]

1. d4 d5 2. c4 c6 3. Nf3 Nf6 4. Nbd2 Bf5 5. Nh4 Bg6 6. g3 e6 7. Bg2 Bd6 8. Nxg6 hxg6 9. 0-0 Nbd7 10. e4 dxe4 11. Nxe4 Nxe4 12. Bxe4 Nf6 13. Bf3 Qc7 14. Be3 0-0 15. Qc2 e5 16. dxe5 Bxe5 17. Rad1 Rad8 18. b3 c5 19. Bd5 b6 20. f4 Nxd5 21. cxd5 Bf6 22. f5 Rfe8 23. Bf4 Qb7 24. fxg6 Rxd5 25. gxf7+ Qxf7 26. Rxd5 Qxd5 27. Qc4 Bd4+ 28. Rf2 Re1+ 0-1

[Event "Titled Tuesday intern Qual1 4th April"]
[Site "Chess.com INT"]
[Date "2017.04.04"]
[Round "1"]
[White "Lenderman, Aleksandr"]
[Black "Hovmoller, Kristian"]
[Result "1-0"]
[WhiteElo "2578"]
[BlackElo "2290"]
[PlyCount "49"]
[EventDate "2017.04.04"]
[EventType "swiss (blitz)"]
[EventRounds "10"]
[EventCountry "USA"]
[SourceTitle "EXT 2021"]
[Source "ChessBase"]
[SourceDate "2020.10.23"]
[SourceVersion "1"]
[SourceVersionDate "2020.10.23"]
[SourceQuality "1"]

1. e4 c5 2. Nc3 Nc6 3. Bb5 Nd4 4. Bc4 d6 5. Nf3 e5 6. 0-0 Be6 7. d3 a6 8. Nxd4 cxd4 9. Nd5 Ne7 10. f4 b5 11. Bb3 Bxd5 12. exd5 f6 13. c3 dxc3 14. bxc3 Qb6+ 15. Kh1 Rc8 16. Bd2 g6 17. a4 Bg7 18. axb5 axb5 19. fxe5 dxe5 20. Qg4 Qd6 21. Ra7 f5 22. Qb4 Qxb4 23. cxb4 Bf6 24. d6 Nc6 25. d7+ 1-0

[Event "Titled Tuesday intern op 3rd Jan 10am"]
[Site "Chess.com INT"]
[Date "2017.01.03"]
[Round "2"]
[White "Hovmoller, Kristian"]
[Black "Amin, Bassem"]
[Result "0-1"]
[WhiteElo "2286"]
[BlackElo "2666"]
[PlyCount "88"]
[EventDate "2017.01.03"]
[EventType "swiss (blitz)"]
[EventRounds "9"]
[EventCountry "USA"]
[SourceTitle "EXT 2021"]
[Source "ChessBase"]
[SourceDate "2020.10.23"]
[SourceVersion "1"]
[SourceVersionDate "2020.10.23"]
[SourceQuality "1"]

1. d4 f5 2. c4 e6 3. Nc3 Nf6 4. g3 Be7 5. Bg2 0-0 6. Nf3 d6 7. 0-0 Qe8 8. Bg5 Ne4 9. Bxe7 Nxc3 10. bxc3 Qxe7 11. Nd2 e5 12. e3 Nc6 13. Rb1 e4 14. Nb3 Nd8 15. c5 Be6 16. cxd6 cxd6 17. Re1 Rc8 18. d5 Bd7 19. Qd4 b6 20. Bf1 Nf7 21. Be2 Ne5 22. Nd2 Rc5 23. Rec1 Rfc8 24. Kg2 Qf7 25. c4 Ra5 26. Qb2 Qg6 27. Rc3 Rac5 28. Rbc1 Qh6 29. Nb3 R5c7 30. Nd4 g5 31. Qa3 g4 32. Ne6 Bxe6 33. Qxd6 Qh3+ 34. Kh1 Nf3 35. Qxe6+ Kg7 36. Bxf3 gxf3 37. Qe5+ Kg6 38. Qe6+ Kg5 39. Rg1 Rf8 40. d6 Rg7 41. Rcc1 Rg6 42. Qe7+ Rff6 43. Qe5 Qxh2+ 44. Kxh2 Rh6# 0-1

[Event "Titled Tuesday intern op 1st Nov 10am"]
[Site "Chess.com INT"]
[Date "2016.11.01"]
[Round "6"]
[White "Arnold, Ken"]
[Black "Hovmoller, Kristian"]
[Result "1-0"]
[WhiteElo "2173"]
[BlackElo "2289"]
[PlyCount "107"]
[EventDate "2016.11.01"]
[EventType "swiss (blitz)"]
[EventRounds "9"]
[EventCountry "USA"]
[SourceTitle "EXT 2021"]
[Source "ChessBase"]
[SourceDate "2020.10.23"]
[SourceVersion "1"]
[SourceVersionDate "2020.10.23"]
[SourceQuality "1"]

1. c4 c5 2. Nf3 Nc6 3. g3 e5 4. d3 g6 5. Bg2 Bg7 6. 0-0 Nge7 7. Nc3 0-0 8. Be3 d6 9. Qc1 f5 10. Bh6 Be6 11. Bxg7 Kxg7 12. Ng5 Bg8 13. h4 h6 14. Nh3 Rc8 15. e3 b6 16. Qd2 d5 17. cxd5 Nxd5 18. f4 Ndb4 19. Rad1 exf4 20. Nxf4 Ne5 21. d4 cxd4 22. exd4 Nc4 23. Qf2 Re8 24. Rfe1 Qd7 25. d5 Kh7 26. h5 g5 27. Ne6 Nd6 28. a3 Na6 29. g4 Bxe6 30. dxe6 Rxe6 31. Rxe6 Qxe6 32. gxf5 Qf6 33. Nd5 Qf7 34. Re1 Re8 35. f6 Nc5 36. Qc2+ Nde4 37. Rxe4 Nxe4 38. Bxe4+ Kh8 39. Qd3 Re5 40. Qc4 g4 41. Qc8+ Re8 42. Qf5 Rg8 43. Kg2 g3 44. Ne7 Rg5 45. Ng6+ Kh7 46. Ne5+ Kg8 47. Nxf7 Rxf5 48. Bxf5 Kxf7 49. Kxg3 Kxf6 50. Kf4 b5 51. Bg6 a6 52. Ke4 a5 53. Kd4 b4 54. a4 1-0

[Event "Titled Tuesday intern op 1st Nov 10am"]
[Site "Chess.com INT"]
[Date "2016.11.01"]
[Round "7"]
[White "Rahman, Farhadur"]
[Black "Hovmoller, Kristian"]
[Result "1-0"]
[WhiteElo "1964"]
[BlackElo "2289"]
[PlyCount "69"]
[EventDate "2016.11.01"]
[EventType "swiss (blitz)"]
[EventRounds "9"]
[EventCountry "USA"]
[SourceTitle "EXT 2021"]
[Source "ChessBase"]
[SourceDate "2020.10.23"]
[SourceVersion "1"]
[SourceVersionDate "2020.10.23"]
[SourceQuality "1"]

1. c4 c5 2. Nc3 Nc6 3. g3 g6 4. Bg2 Bg7 5. d3 d6 6. e4 e5 7. Nge2 Nge7 8. 0-0 0-0 9. Be3 Rb8 10. Rb1 a6 11. Qd2 b5 12. b3 Nd4 13. Nd5 Nxd5 14. cxd5 f5 15. Nxd4 cxd4 16. Bg5 Bf6 17. Bh6 Rf7 18. f4 fxe4 19. Bxe4 Bh3 20. Rf2 Qd7 21. Rc1 Rc8 22. Rc6 Rxc6 23. dxc6 Qc8 24. fxe5 dxe5 25. a4 bxa4 26. bxa4 Be6 27. Qb2 Bf5 28. Bd5 Be6 29. Qb3 Bxd5 30. Qxd5 Qd8 31. Qc4 Qe7 32. c7 Qxc7 33. Qxc7 Rxc7 34. Rxf6 Rc3 35. Rf8# 1-0

[Event "Titled Tuesday intern op1 5th April"]
[Site "Chess.com INT"]
[Date "2016.04.05"]
[Round "1"]
[White "Hovmoller, Kristian"]
[Black "Tran, Minh Thang"]
[Result "0-1"]
[WhiteElo "2289"]
[BlackElo "2331"]
[PlyCount "80"]
[EventDate "2016.04.05"]
[EventType "swiss (blitz)"]
[EventRounds "9"]
[EventCountry "USA"]
[SourceTitle "EXT 2021"]
[Source "ChessBase"]
[SourceDate "2020.10.23"]
[SourceVersion "1"]
[SourceVersionDate "2020.10.23"]
[SourceQuality "1"]

1. d4 Nf6 2. c4 e6 3. Nc3 Bb4 4. Qc2 0-0 5. a3 Bxc3+ 6. Qxc3 b6 7. Bg5 Bb7 8. Nf3 h6 9. Bh4 d6 10. e3 Nbd7 11. Be2 a5 12. b3 g5 13. Bg3 Ne4 14. Qc2 Qe7 15. Bd3 f5 16. a4 h5 17. h4 g4 18. Ng1 e5 19. 0-0-0 exd4 20. exd4 Nxg3 21. fxg3 Qe3+ 22. Qd2 Qxd4 23. Ne2 Qg7 24. Nf4 Nc5 25. Qb2 Rae8 26. Rhe1 Nxd3+ 27. Nxd3 Qxb2+ 28. Kxb2 Bxg2 29. Nf4 Bf3 30. Rc1 Kf7 31. Nxh5 Re5 32. Nf4 Rfe8 33. Nd3 Re2+ 34. Kc3 R8e3 35. Rxe2 Bxe2 36. Kd2 Rxd3+ 37. Kxe2 Rxg3 38. Rf1 Kg6 39. h5+ Kg5 40. Rh1 Rh3 0-1

[Event "Titled Tuesday intern op 1st March"]
[Site "Chess.com INT"]
[Date "2016.03.01"]
[Round "1"]
[White "Hovmoller, Kristian"]
[Black "Ermolaev, Evgeny"]
[Result "1/2-1/2"]
[WhiteElo "2360"]
[BlackElo "2010"]
[PlyCount "169"]
[EventDate "2016.03.01"]
[EventType "swiss (blitz)"]
[EventRounds "9"]
[EventCountry "USA"]
[SourceTitle "EXT 2021"]
[Source "ChessBase"]
[SourceDate "2020.10.23"]
[SourceVersion "1"]
[SourceVersionDate "2020.10.23"]
[SourceQuality "1"]

1. d4 Nf6 2. c4 c5 3. d5 g6 4. Nc3 d6 5. e4 Bg7 6. f4 0-0 7. Nf3 e6 8. Bd3 exd5 9. cxd5 Bg4 10. 0-0 Na6 11. Bxa6 bxa6 12. h3 Bxf3 13. Qxf3 Rb8 14. Re1 Nd7 15. g4 f5 16. exf5 gxf5 17. Re6 fxg4 18. hxg4 Qh4 19. Qg2 Bd4+ 20. Be3 Rxf4 21. Qh2 Rxg4+ 22. Kh1 Qxh2+ 23. Kxh2 Bxe3 24. Rxe3 Rxb2+ 25. Ne2 Ne5 26. Rf1 Rxa2 27. Kh3 Raa4 28. Ng3 Rh4+ 29. Kg2 Ra2+ 30. Rf2 Rh2+ 31. Kxh2 Rxf2+ 32. Kg1 Rd2 33. Ne4 Rd1+ 34. Kg2 Kf8 35. Nxd6 Rxd5 36. Nc8 Rd2+ 37. Kf1 Ng4 38. Rf3+ Ke8 39. Rg3 Nf6 40. Nxa7 c4 41. Re3+ Kd7 42. Rf3 Nd5 43. Rf7+ Kd6 44. Nc8+ Kc5 45. Ke1 c3 46. Ne7 Nxe7 47. Rxe7 Rd6 48. Rc7+ Rc6 49. Rxh7 c2 50. Kd2 Kb4 51. Kc1 a5 52. Rh4+ Kb3 53. Rh3+ Kb4 54. Rh4+ Kc3 55. Rh3+ Kd4 56. Rh4+ Kd3 57. Rh3+ Ke4 58. Rh4+ Kf3 59. Rh3+ Kg2 60. Rh5 a4 61. Rg5+ Kf3 62. Rh5 Kg3 63. Rg5+ Kf4 64. Rh5 a3 65. Ra5 Rc3 66. Ra4+ Ke3 67. Ra8 Kd3 68. Rd8+ Ke4 69. Re8+ Kd5 70. Rd8+ Ke6 71. Ra8 Kd7 72. Ra7+ Kc6 73. Ra8 Kb5 74. Rb8+ Ka4 75. Ra8+ Kb3 76. Rb8+ Ka2 77. Rb7 Rb3 78. Ra7 Rb2 79. Ra8 Kb3 80. Rb8+ Kc3 81. Rc8+ Kb4 82. Rb8+ Ka4 83. Rxb2 axb2+ 84. Kxb2 c1Q+ 85. Kxc1 1/2-1/2

[Event "Titled Tuesday intern op 2nd Febr"]
[Site "Chess.com INT"]
[Date "2016.02.02"]
[Round "6"]
[White "Hovmoller, Kristian"]
[Black "Bakr, Hapez"]
[Result "1-0"]
[WhiteElo "2291"]
[BlackElo "1754"]
[PlyCount "45"]
[EventDate "2016.02.02"]
[EventType "swiss (blitz)"]
[EventRounds "9"]
[EventCountry "USA"]
[SourceTitle "EXT 2021"]
[Source "ChessBase"]
[SourceDate "2020.10.23"]
[SourceVersion "1"]
[SourceVersionDate "2020.10.23"]
[SourceQuality "1"]

1. d4 Nf6 2. c4 g6 3. Nc3 Bg7 4. e4 d6 5. f3 0-0 6. Be3 e5 7. Nge2 Nc6 8. Qd2 exd4 9. Nxd4 Nxd4 10. Bxd4 Re8 11. 0-0-0 h5 12. g3 Be6 13. Kb1 Re7 14. f4 Bg4 15. Be2 c5 16. Bxc5 Bxe2 17. Qxe2 Rd7 18. Bd4 Qa5 19. Nd5 Nxd5 20. exd5 Bxd4 21. Rxd4 Qb6 22. Re4 Rc8 23. Re8+ 1-0

[Event "Titled Tuesday intern op 2nd Febr"]
[Site "Chess.com INT"]
[Date "2016.02.02"]
[Round "1"]
[White "Hovmoller, Kristian"]
[Black "Klekowski, Maciej"]
[Result "0-1"]
[WhiteElo "2291"]
[BlackElo "2439"]
[PlyCount "150"]
[EventDate "2016.02.02"]
[EventType "swiss (blitz)"]
[EventRounds "9"]
[EventCountry "USA"]
[SourceTitle "EXT 2021"]
[Source "ChessBase"]
[SourceDate "2020.10.23"]
[SourceVersion "1"]
[SourceVersionDate "2020.10.23"]
[SourceQuality "1"]

1. d4 Nf6 2. Nf3 e6 3. Ng1 c5 4. Nf3 Nc6 5. Ng1 cxd4 6. c3 dxc3 7. Nxc3 d5 8. Bg5 Be7 9. e3 0-0 10. Nf3 h6 11. Bh4 Ne4 12. Bxe7 Qxe7 13. Nxe4 dxe4 14. Nd2 Rd8 15. Bc4 Ne5 16. Qc2 Rxd2 17. Kxd2 Qb4+ 18. Ke2 Nxc4 19. b3 Ne5 20. a3 Qb5+ 21. Kd2 Nd3 22. f3 f5 23. fxe4 fxe4 24. Qc4 Qxc4 25. bxc4 Bd7 26. Kc3 e5 27. a4 Rc8 28. Rhb1 Nc5 29. Rb4 Be6 30. a5 a6 31. Rd1 Rf8 32. Rd2 Rf1 33. Rb6 Kf7 34. Kb4 Nd3+ 35. Kc3 Rc1+ 36. Rc2 Rxc2+ 37. Kxc2 Nc5 38. Kc3 Bd7 39. Rb1 Bc6 40. Rd1 Ke7 41. Rf1 Nd7 42. Kb4 Nf6 43. h3 g6 44. Kc5 h5 45. Rd1 Nd7+ 46. Kb4 Ke6 47. Rf1 Nf6 48. Kc5 g5 49. Kb6 Nd7+ 50. Kc7 Nc5 51. Rf8 h4 52. Rg8 Kf7 53. Rb8 Ke7 54. Rg8 Ne6+ 55. Kb6 Kf7 56. Rb8 Nf4 57. Rc8 Nxg2 58. Rxc6 bxc6 59. Kxa6 g4 60. Kb6 gxh3 61. a6 h2 62. a7 h1Q 63. a8Q Nxe3 64. Qb7+ Kf6 65. Qxc6+ Kg5 66. Qe6 Nf5 67. Qxe5 Qb1+ 68. Kc5 e3 69. Qe6 Qd3 70. Qg8+ Kf4 71. Qb8+ Qd6+ 72. Qxd6+ Nxd6 73. Kxd6 e2 74. c5 e1Q 75. c6 Qd2+ 0-1

[Event "Titled Tuesday intern op 2nd Febr"]
[Site "Chess.com INT"]
[Date "2016.02.02"]
[Round "7"]
[White "Hovmoller, Kristian"]
[Black "Makarenko, Alexandra"]
[Result "1-0"]
[WhiteElo "2291"]
[BlackElo "2285"]
[PlyCount "59"]
[EventDate "2016.02.02"]
[EventType "swiss (blitz)"]
[EventRounds "9"]
[EventCountry "USA"]
[SourceTitle "EXT 2021"]
[Source "ChessBase"]
[SourceDate "2020.10.23"]
[SourceVersion "1"]
[SourceVersionDate "2020.10.23"]
[SourceQuality "1"]

1. d4 Nf6 2. c4 g6 3. Nc3 Bg7 4. e4 d6 5. f3 0-0 6. Be3 Nc6 7. Nge2 e5 8. Qd2 Nd7 9. 0-0-0 a6 10. Kb1 b5 11. cxb5 axb5 12. d5 b4 13. dxc6 bxc3 14. Nxc3 Nb8 15. Bb5 Ba6 16. a4 Qe8 17. Qd5 Bc8 18. Qc4 Be6 19. Nd5 Kh8 20. Rc1 Qc8 21. Rhd1 f5 22. Qd3 fxe4 23. fxe4 Bxd5 24. Qxd5 Na6 25. Qc4 Nc5 26. Bxc5 dxc5 27. Rd7 Bh6 28. Rcd1 Be3 29. Qe6 Rf2 30. Qxe5+ 1-0

[Event "Titled Tuesday intern op 2nd Febr"]
[Site "Chess.com INT"]
[Date "2016.02.02"]
[Round "8"]
[White "Smirnov, Pavel"]
[Black "Hovmoller, Kristian"]
[Result "1-0"]
[WhiteElo "2595"]
[BlackElo "2291"]
[PlyCount "65"]
[EventDate "2016.02.02"]
[EventType "swiss (blitz)"]
[EventRounds "9"]
[EventCountry "USA"]
[SourceTitle "EXT 2021"]
[Source "ChessBase"]
[SourceDate "2020.10.23"]
[SourceVersion "1"]
[SourceVersionDate "2020.10.23"]
[SourceQuality "1"]

1. e4 c5 2. Nf3 d6 3. d4 cxd4 4. Nxd4 Nf6 5. Nc3 a6 6. Bg5 e6 7. f4 Be7 8. Qf3 Qc7 9. 0-0-0 Nbd7 10. g4 b5 11. Bxf6 Nxf6 12. g5 Nd7 13. f5 Bxg5+ 14. Kb1 Ne5 15. Qh5 Qd8 16. Nxe6 Bxe6 17. fxe6 g6 18. exf7+ Kxf7 19. Qe2 Kg7 20. Nd5 Rf8 21. Bg2 Ra7 22. Qe1 Nc4 23. b3 Ne5 24. h4 Bf4 25. h5 g5 26. h6+ Kh8 27. Qb4 Rd7 28. Rhf1 Ng6 29. Bh3 Rdf7 30. Be6 Rb7 31. Nxf4 Nxf4 32. Rxd6 Nxe6 33. Rxd8 1-0

[Event "Politiken Cup 25th"]
[Site "Copenhagen"]
[Date "2003.07.19"]
[Round "6"]
[White "Rorvik, Jon Fredrik"]
[Black "Hovmoller, Kristian"]
[Result "1/2-1/2"]
[WhiteElo "2162"]
[BlackElo "2302"]
[PlyCount "32"]
[EventDate "2003.07.14"]
[EventType "swiss"]
[EventRounds "11"]
[EventCountry "DEN"]
[SourceTitle "CBM 095 Extra"]
[Source "ChessBase"]
[SourceDate "2003.09.04"]
[SourceVersion "1"]
[SourceVersionDate "2003.09.04"]
[SourceQuality "1"]

1. c4 Nf6 2. Nc3 c5 3. g3 Nc6 4. Bg2 g6 5. e4 Bg7 6. Nge2 0-0 7. 0-0 d6 8. h3 Nd7 9. d3 Nd4 10. f4 e6 11. Be3 f5 12. Qd2 Nb8 13. Bf2 Nbc6 14. Nxd4 Nxd4 15. Ne2 Nxe2+ 16. Qxe2 Rb8 1/2-1/2

[Event "North Sea Cup-B 18th"]
[Site "Esbjerg"]
[Date "2003.07.11"]
[Round "8"]
[White "Mikkelsen, Nikolaj"]
[Black "Hovmoller, Kristian"]
[Result "0-1"]
[WhiteElo "2104"]
[BlackElo "2302"]
[PlyCount "68"]
[EventDate "2003.06.04"]
[EventType "tourn"]
[EventRounds "9"]
[EventCountry "DEN"]
[EventCategory "3"]
[SourceTitle "EXT 2004"]
[Source "ChessBase"]
[SourceDate "2003.11.25"]
[SourceVersion "1"]
[SourceVersionDate "2003.11.25"]
[SourceQuality "1"]

1. e4 b6 2. d4 Bb7 3. Nc3 e6 4. Bd3 Nf6 5. Bg5 Be7 6. Nge2 d5 7. exd5 Nxd5 8. Bxe7 Qxe7 9. Nxd5 Bxd5 10. Nf4 Bb7 11. Qg4 0-0 12. 0-0 Nd7 13. Rfe1 Nf6 14. Qh4 g6 15. c4 Rad8 16. Nh3 Kg7 17. Rad1 c5 18. Be4 Bxe4 19. Rxe4 cxd4 20. Rexd4 e5 21. Rxd8 Rxd8 22. Rf1 Rd4 23. Qg3 Rxc4 24. Re1 Qc5 25. Qd3 Rd4 26. Qe2 Qa5 27. Ng5 e4 28. Qe3 h6 29. Nh3 Rd3 30. Qc1 Rd2 31. a3 Rxb2 32. Rxe4 Qxa3 33. Rh4 Rd2 34. Qe1 Qd6 0-1

[Event "North Sea Cup-B 18th"]
[Site "Esbjerg"]
[Date "2003.07.08"]
[Round "5"]
[White "Hovmoller, Kristian"]
[Black "Hunt, Harriet"]
[Result "1-0"]
[WhiteElo "2302"]
[BlackElo "2402"]
[PlyCount "137"]
[EventDate "2003.06.04"]
[EventType "tourn"]
[EventRounds "9"]
[EventCountry "DEN"]
[EventCategory "3"]
[SourceTitle "EXT 2004"]
[Source "ChessBase"]
[SourceDate "2003.11.25"]
[SourceVersion "1"]
[SourceVersionDate "2003.11.25"]
[SourceQuality "1"]

1. d4 Nf6 2. c4 e6 3. Nc3 Bb4 4. Qc2 0-0 5. a3 Bxc3+ 6. Qxc3 b6 7. Bg5 Ba6 8. e3 d6 9. Nf3 Nbd7 10. b4 c5 11. Bd3 Rc8 12. dxc5 bxc5 13. b5 Bb7 14. 0-0 h6 15. Bh4 Qc7 16. Rfd1 Ba8 17. Bg3 e5 18. Bf5 Rcd8 19. Ra2 Ne4 20. Bxe4 Bxe4 21. Nd2 Ba8 22. f3 f5 23. a4 Rf7 24. Nb3 Nf8 25. Rad2 Rfd7 26. f4 e4 27. Nc1 Ne6 28. Ne2 Rf8 29. a5 Rfd8 30. Bh4 Rf8 31. Qa1 Qb8 32. Nc3 g5 33. Bg3 gxf4 34. Bxf4 Nxf4 35. exf4 e3 36. Re2 Re7 37. Rd3 Rfe8 38. Nd1 d5 39. cxd5 Qxf4 40. Qf6 Kh7 41. Qc3 Qg4 42. Rexe3 c4 43. Rd4 f4 44. Rxe7+ Rxe7 45. h3 Qe2 46. Nf2 Re3 47. Qxc4 Qe1+ 48. Qf1 Qxa5 49. Kh2 Qc7 50. d6 Qc3 51. Qb1+ Kg7 52. Rxf4 Qe5 53. Qf5 Qxf5 54. Rxf5 Re6 55. Rc5 Rxd6 56. Rc7+ Kg6 57. Rxa7 Bd5 58. Ra6 Rxa6 59. bxa6 Kg5 60. Nd3 Kf5 61. Nb4 Be4 62. a7 Ke6 63. g4 Kd6 64. h4 Kc5 65. Na2 Kb6 66. Nc3 Bc6 67. Kg3 Kxa7 68. Kf4 Kb6 69. Ne4 1-0

[Event "North Sea Cup-B 18th"]
[Site "Esbjerg"]
[Date "2003.06.04"]
[Round "1"]
[White "Hovmoller, Kristian"]
[Black "Hunt, Adam"]
[Result "0-1"]
[WhiteElo "2301"]
[BlackElo "2366"]
[PlyCount "94"]
[EventDate "2003.06.04"]
[EventType "tourn"]
[EventRounds "9"]
[EventCountry "DEN"]
[EventCategory "3"]
[SourceTitle "EXT 2004"]
[Source "ChessBase"]
[SourceDate "2003.11.25"]
[SourceVersion "1"]
[SourceVersionDate "2003.11.25"]
[SourceQuality "1"]

1. d4 Nf6 2. c4 g6 3. Nc3 Bg7 4. e4 d6 5. f3 0-0 6. Be3 Nc6 7. Nge2 Rb8 8. Qd2 Re8 9. Nc1 e5 10. d5 Nd4 11. Nb3 c5 12. dxc6 bxc6 13. Nxd4 exd4 14. Bxd4 d5 15. cxd5 cxd5 16. e5 Nh5 17. f4 f6 18. 0-0-0 Bh6 19. Be3 d4 20. Bc4+ Kh8 21. Bxd4 Bxf4 22. Qxf4 Nxf4 23. exf6 h5 24. f7+ Kh7 25. fxe8Q Qxe8 26. Rhe1 Be6 27. Be5 Rc8 28. Ba6 Rc6 29. Bb5 Rxc3+ 30. bxc3 Qxb5 31. Bxf4 Qc4 32. Be5 Qxa2 33. Bf6 Bf5 34. Re7+ Kh6 35. Bg7+ Kg5 36. h4+ Kxh4 37. Rd4+ Kg5 38. Kd1 Bg4+ 39. Ke1 Qxg2 40. Re5+ Bf5 41. Rd2 Qg1+ 42. Ke2 h4 43. Rd6 h3 44. Bf6+ Kg4 45. Ra6 Qg2+ 46. Ke3 Qg3+ 47. Ke2 Qd3+ 0-1

[Event "FAI-ch Junior Gr A"]
[Site "Torshavn"]
[Date "2003.02.15"]
[Round "4"]
[White "Hovmoller, Kristian"]
[Black "Halldorsson, Halldor Brynjar"]
[Result "1-0"]
[WhiteElo "2287"]
[BlackElo "2168"]
[PlyCount "71"]
[EventDate "2003.02.14"]
[EventType "swiss"]
[EventRounds "6"]
[EventCountry "FAI"]
[SourceTitle "EXT 2024"]
[Source "ChessBase"]
[SourceDate "2023.10.10"]
[SourceVersion "1"]
[SourceVersionDate "2023.10.10"]
[SourceQuality "1"]

1. d4 Nf6 2. c4 g6 3. Nc3 d5 4. Bf4 Bg7 5. e3 c5 6. dxc5 Qa5 7. Rc1 Ne4 8. cxd5 Nxc3 9. Qd2 Qxa2 10. bxc3 Qa5 11. Bc4 Nd7 12. Nf3 Nxc5 13. Be5 Bxe5 14. Nxe5 f6 15. Nf3 Kf7 16. 0-0 Kg7 17. Nd4 a6 18. Rfe1 Qc7 19. e4 Re8 20. e5 fxe5 21. Nf3 Nd7 22. Ba2 Qd6 23. Nxe5 Nxe5 24. Qd4 Qf6 25. Rxe5 Bd7 26. Rce1 Kh8 27. h3 Rad8 28. Qe3 Rc8 29. Qd4 b5 30. R1e4 a5 31. Rf4 Qg7 32. Rf7 Qxf7 33. Rxe7+ Kg8 34. Rxf7 Kxf7 35. d6+ Re6 36. Qa7 1-0

[Event "FAI-ch Junior Gr A"]
[Site "Torshavn"]
[Date "2003.02.14"]
[Round "1"]
[White "Hovmoller, Kristian"]
[Black "Ekeberg, Carl Fredrik"]
[Result "1/2-1/2"]
[WhiteElo "2287"]
[BlackElo "2219"]
[PlyCount "26"]
[EventDate "2003.02.14"]
[EventType "swiss"]
[EventRounds "6"]
[EventCountry "FAI"]
[SourceTitle "EXT 2024"]
[Source "ChessBase"]
[SourceDate "2023.10.10"]
[SourceVersion "1"]
[SourceVersionDate "2023.10.10"]
[SourceQuality "1"]

1. d4 Nf6 2. c4 e6 3. Nc3 Bb4 4. Qc2 0-0 5. a3 Bxc3+ 6. Qxc3 b6 7. Bg5 Bb7 8. e3 d6 9. f3 c5 10. dxc5 bxc5 11. Rd1 Qe7 12. Nh3 Nbd7 13. Be2 h6 1/2-1/2

[Event "Hallsberg op U18 38th"]
[Site "Hallsberg"]
[Date "2002.12.29"]
[Round "2"]
[White "Hovmoller, Kristian"]
[Black "Muhren, Willem"]
[Result "1-0"]
[WhiteElo "2287"]
[BlackElo "2184"]
[PlyCount "107"]
[EventDate "2002.12.28"]
[EventType "swiss"]
[EventRounds "9"]
[EventCountry "SWE"]
[SourceTitle "CBM 091 Extra"]
[Source "ChessBase"]
[SourceDate "2003.01.09"]
[SourceVersion "1"]
[SourceVersionDate "2003.01.09"]
[SourceQuality "1"]

1. d4 Nf6 2. c4 g6 3. Nc3 Bg7 4. e4 d6 5. f3 b6 6. Be3 Bb7 7. Nge2 c5 8. d5 Nbd7 9. Ng3 a6 10. Be2 Qc7 11. Qd2 Ne5 12. h3 h5 13. 0-0 0-0 14. f4 Ned7 15. Bd3 b5 16. cxb5 Rfb8 17. Nge2 Bc8 18. a4 Qa5 19. Ra2 Qb4 20. Rfa1 Ne8 21. Nd1 Qxd2 22. Bxd2 Ndf6 23. Ne3 axb5 24. axb5 Rxa2 25. Rxa2 c4 26. Nxc4 Rxb5 27. Na5 Rb8 28. Be3 Rb4 29. Nc6 Rb3 30. Nc1 Rb7 31. Ba6 Rxb2 32. Rxb2 Bxa6 33. Rb8 Kf8 34. Bd4 e5 35. dxe6 fxe6 36. Rb6 Bc8 37. Bxf6 Bxf6 38. Nb3 Bd7 39. Nb8 Bc8 40. Nc6 Bd7 41. Nbd4 Bg7 42. Kf2 Bh6 43. Kf3 Bg7 44. e5 dxe5 45. fxe5 Bxc6+ 46. Nxc6 Nc7 47. Rb7 Na6 48. Rb5 Ke8 49. Nd4 Nc7 50. Rc5 Na6 51. Rc6 Nb4 52. Rxe6+ Kf7 53. Ke4 Nc2 54. Rb6 1-0

[Event "Politiken Cup 24th"]
[Site "Copenhagen"]
[Date "2002.07.26"]
[Round "11"]
[White "Brinck Claussen, Bjorn"]
[Black "Hovmoller, Kristian"]
[Result "0-1"]
[WhiteElo "2369"]
[BlackElo "2248"]
[PlyCount "84"]
[EventDate "2002.07.15"]
[EventType "swiss"]
[EventRounds "11"]
[EventCountry "DEN"]
[SourceTitle "CBM 089 Extra"]
[Source "ChessBase"]
[SourceDate "2002.09.10"]
[SourceVersion "2"]
[SourceVersionDate "2002.09.10"]
[SourceQuality "1"]

1. e4 c5 2. Nf3 d6 3. d4 cxd4 4. Nxd4 Nf6 5. Nc3 a6 6. Bg5 e6 7. f4 Be7 8. Qf3 Qc7 9. 0-0-0 Nbd7 10. g4 b5 11. Bxf6 Nxf6 12. g5 Nd7 13. f5 Bxg5+ 14. Kb1 Ne5 15. Qh5 Qd8 16. fxe6 g6 17. Qe2 fxe6 18. h4 Bf6 19. Qe3 0-0 20. Bh3 Qe7 21. h5 g5 22. h6 Bd7 23. Nce2 Kh8 24. Ng3 g4 25. Bg2 Bg5 26. Qe2 Rf6 27. Nh5 Rxh6 28. Nb3 Rf8 29. Nc1 Be8 30. Ng3 Rxh1 31. Rxh1 Bf4 32. Qe1 Qa7 33. Nge2 Bg5 34. Qd1 Nc4 35. Nb3 Rf2 36. Ned4 Ne3 37. Qd3 Nxg2 38. Nxe6 Bf6 39. Qxd6 Qf7 40. Nc7 Kg8 41. a3 Qe7 42. Qg3 Qe5 0-1

[Event "Politiken Cup 24th"]
[Site "Copenhagen"]
[Date "2002.07.21"]
[Round "7"]
[White "Hoi, Carsten"]
[Black "Hovmoller, Kristian"]
[Result "0-1"]
[WhiteElo "2419"]
[BlackElo "2248"]
[PlyCount "114"]
[EventDate "2002.07.15"]
[EventType "swiss"]
[EventRounds "11"]
[EventCountry "DEN"]
[SourceTitle "CBM 089 Extra"]
[Source "ChessBase"]
[SourceDate "2002.09.10"]
[SourceVersion "2"]
[SourceVersionDate "2002.09.10"]
[SourceQuality "1"]

1. d4 Nf6 2. Nf3 e6 3. e3 b6 4. Bd3 Bb7 5. 0-0 d5 6. c4 Bd6 7. b3 Nbd7 8. Bb2 0-0 9. Nc3 a6 10. Rc1 Qe7 11. cxd5 exd5 12. Bf5 Rfe8 13. Qe2 Ne4 14. Nxe4 dxe4 15. Nd2 g6 16. Bxd7 Qxd7 17. Nc4 Bd5 18. Rc2 b5 19. Ne5 Qe6 20. Rfc1 Rab8 21. g3 f6 22. Nc6 Rb6 23. Qd2 Qh3 24. Qe1 Qh5 25. Na5 Be6 26. d5 Bh3 27. Qd1 Bg4 28. Qf1 Qxd5 29. Bd4 Rbb8 30. Nc6 Ra8 31. Bxf6 Re6 32. Bb2 Rf8 33. Qe1 Qh5 34. Nd4 Ref6 35. Nc6 Rf5 36. Nd4 Rg5 37. Rxc7 Bxc7 38. Rxc7 Rc5 39. Qa5 Bh3 40. f3 Rxc7 41. Qxc7 Qh6 42. f4 Rc8 43. Qb7 Qf8 44. Qd5+ Qf7 45. Qe5 Qd7 46. Qxe4 Re8 47. Qf3 Bg4 48. Qf2 Qd5 49. Bc1 Bc8 50. Qf3 Qf7 51. h3 Bb7 52. Qf1 Qd5 53. Kh2 Qe4 54. g4 Qb1 55. Kg3 Rc8 56. f5 Qxc1 57. Qf4 Qc7 0-1